000 03013nam a22002417a 4500
001 6112
003 FISKH
005 20250530105550.0
008 250314b cb ||||| |||| 00| 0 eng d
040 _aFISKH
_bKhmer
_cFISKH
_dFISKH
050 _aPZ7
082 _a800
100 _aThok, Em
245 _aគ្រូបង្រៀនស្រុកស្រែ /
_cអ៊ឹម ថុក
260 _aPhnom Penh :
_bMinistry of education, youth and sport ;
_c1957.
300 _a42 pages :
_billustrations ;
_c20 cm .
520 _aរឿងនេះបង្ហាញអំពី បងហម អតីតយោធាចក្រ ខ្មែរក្រហម ម្នាក់ ដែលបានក្លាយជាគ្រូបង្រៀន នៅភូមិជនបទមួយ ក្នុងខេត្តកំពង់ចាម។ គាត់បានក្លាយជាកម្លាំងជំរុញសង្គមសម្រាប់ចលនាមហាជន ដែលទាមទារប្រជាធិបតេយ្យ និងការផ្លាស់ប្តូរសង្គម។ ទោះបីជាគាត់បានប្រឈមមុខនឹងការជ្រៀតចូល និងការបដិសេធពីអាជ្ញាធរមូលដ្ឋានក៏ដោយ បងហាំបន្តផ្សព្វផ្សាយគំនិតរីកចម្រើន និងត្រូវបានចាប់ខ្លួនឃុំខ្លួនរយៈពេលពីរខែ។ បន្ទាប់ពីត្រូវបានលែងឱ្យចេញពីគុក គាត់ និងគ្រូផ្សេងទៀត រួមមានគ្រូចាន គ្រូថាន និងគ្រូវ៉ាត់ បានត្រលប់ទៅភូមិដើម្បីបន្តកិច្ចខិតខំប្រឹងប្រែងក្នុងការប្រែប្រួលសង្គម ដោយផ្អែកលើគំនិតនៃការរីកចម្រើនយ៉ាងឆាប់រហ័ស និងកំណែទម្រង់សង្គម។
520 _aThe narrative follows Bong Ham, a former Khmer Rouge soldier turned teacher in a rural village in Kampong Cham province. He becomes a catalyst for a mass movement advocating for democracy and social change. Despite facing opposition from local authorities, Bong Ham continues to promote progressive ideas and is eventually imprisoned for two months. After his release, he and fellow educators, including Teacher Chan, Teacher Than, and Teacher Vat, return to the village to continue their efforts in reshaping society with a focus on rapid progress and social reform
650 _aគ្រូបង្រៀនស្រុកស្រែ
_vអក្សរសិល្ប៏ខ្មែរ
650 _aTeacher at province
_vKhmer Literature
942 _2ddc
_cBK
_n0
999 _c6112
_d6112